000 00609nam a22001697a 4500
003 MACL
005 20160727115629.0
008 160727b xxu||||| |||| 00| 0 eng d
040 _cMACL
041 _aHindi
082 _a800 MAR
100 _aत्रिपाठी; प्रकाश
_955623
245 _aमार्कण्‍डेय : परम्‍परा और विकास
_cप्रकाश त्रिपाठी
260 _aइलाहाबाद
_bवचन पब्लिकेशन्‍स
_c2010
650 _aसाहित्‍य
_965444
942 _2ddc
_cHIN
999 _c55076
_d55076